[Event "9th Gazi 2013"]
[Site "Gazi GRE"]
[Date "2013.08.02"]
[Round "8"]
[White "Fragiadakis,E"]
[Black "Panagiotakos,N"]
[Result "1/2-1/2"]
[WhiteElo "1938"]
[BlackElo "2191"]

1.d4 Nf6 2.c4 e6 3.Nf3 b6 4.g3 Ba6 5.Qa4 Bb7 6.Bg2 c5 7.O-O cxd4 8.Nxd4 Bxg2
9.Kxg2 Be7 10.Nc3 O-O 11.Rd1 Qc8 12.f3 Nc6 13.Nxc6 Qxc6 14.Qxc6 dxc6 15.Bf4 Rfd8
16.Bc7 Rdc8 17.Be5 Kf8 18.Rd3 Rd8 19.Rad1 Ke8 20.Rxd8+ Rxd8 21.Rxd8+ Kxd8
22.Bd4 Kc7 23.Kf2 g6 24.Ke3 Nd7 25.Kd2 Bc5 26.Bxc5 Nxc5 27.b4 Nd7 28.Ne4 h6
29.Kc3 f5 30.Nf2 Kd6 31.a4 c5 32.b5 g5 33.Nd3 Nf6 34.Nf2 g4 35.fxg4 fxg4
36.Kd3 Ke5 37.Ke3 Kf5 38.Kd3 Nd7 39.Kc3 Ne5 40.Nd3 Nf7 41.a5 Ne5  1/2-1/2

[Event "5th Rethymno Open"]
[Site "Rethymno GRE"]
[Date "2013.08.02"]
[Round "7.25"]
[White "Thomassin,A"]
[Black "Theodorou,Nikolas"]
[Result "0-1"]
[WhiteElo "1807"]
[BlackElo "2125"]

1.d4 Nf6 2.c4 e6 3.Nf3 b6 4.g3 Ba6 5.b3 Bb4+ 6.Bd2 Be7 7.Bg2 c6 8.O-O O-O
9.Re1 d5 10.cxd5 cxd5 11.Nc3 Nc6 12.a3 Rc8 13.b4 Ne4 14.Rc1 Bf6 15.e3 Nd6
16.Qa4 Bc4 17.Bf1 Qd7 18.Bxc4 Nxc4 19.Qb3 Rfd8 20.h4 h6 21.Ne2 Qe7 22.Nf4 g5
23.hxg5 hxg5 24.g4 gxf4 25.Kg2 Kf8 26.exf4 Nxd2 27.Nxd2 Nxd4 28.Qd3 Qd6 29.Rxc8 Rxc8
30.g5 Bg7 31.Kg3 Rc3 32.Qxc3 Nf5+ 33.Kg4 Bxc3  0-1

[Event "Sparkassen Open A 2013"]
[Site "Dortmund GER"]
[Date "2013.08.03"]
[Round "8.9"]
[White "Schroeder,Kevin"]
[Black "Krueger,An"]
[Result "1-0"]
[WhiteElo "2079"]
[BlackElo "2120"]

1.d4 Nf6 2.c4 e6 3.Nf3 b6 4.g3 Ba6 5.b3 Be7 6.Bg2 c6 7.O-O O-O 8.Qc2 d5 9.Nbd2 Nbd7
10.e4 Rc8 11.Re1 c5 12.e5 Ne8 13.cxd5 cxd4 14.Qb1 exd5 15.Nxd4 Nc5 16.Nf1 Nd3
17.Rd1 Nxc1 18.Rxc1 Bc5 19.Qb2 Qe7 20.b4 Bxb4 21.Rxc8  1-0

[Event "5th Rethymno Open"]
[Site "Rethymno GRE"]
[Date "2013.08.04"]
[Round "9.26"]
[White "Thomassin,A"]
[Black "Segerberg,T"]
[Result "0-1"]
[WhiteElo "1807"]
[BlackElo "1996"]

1.d4 e6 2.c4 Nf6 3.Nf3 b6 4.g3 Ba6 5.b3 Bb4+ 6.Bd2 Be7 7.Bg2 c6 8.Qc2 d5
9.Ne5 Nfd7 10.O-O O-O 11.Rd1 f6 12.Nd3 Bd6 13.e4 dxc4 14.bxc4 Qe7 15.Qb3 Kh8
16.f4 e5 17.dxe5 fxe5 18.Kh1 Nc5 19.Nxc5 Bxc5 20.Nc3 Nd7 21.Ne2 Nf6 22.h3 exf4
23.Nxf4 Nxe4 24.Be1 Nd6 25.Bxc6 Bb7 26.Bd5 Bxd5+ 27.Rxd5 Qe4+ 28.Kh2 Nxc4
29.Rh5 Rxf4 30.gxf4 Qe2+ 31.Kg3 Qxh5 32.Qxc4 Re8 33.Bf2 Bxf2+ 34.Kxf2 Qxh3
35.Rg1 Qe3+ 36.Kf1 Qe1+ 37.Kg2 Qe4+ 38.Qxe4 Rxe4 39.Kf3 Re7 40.Rd1 Kg8 41.a4 Kf7
42.a5 bxa5 43.Ra1 a6 44.Rxa5 Ra7 45.Ke4 Ke6 46.Kd4 Kd6 47.Kc4 Kc6 48.Rh5 g6
49.Rh6 Rf7 50.f5 Rxf5 51.Rxh7 Rf4+ 52.Kd3 Rf6 53.Kd4 a5 54.Rg7 Kb5 55.Rb7+ Rb6
56.Rc7 Ra6 57.Rb7+ Rb6 58.Rc7 Rd6+ 59.Ke5 Rc6 60.Rb7+ Rb6 61.Rc7 a4 62.Kd5 Kb4
63.Rc1 Ra6 64.Rb1+ Kc3 65.Kc5 Ra5+ 66.Kb6 Rg5 67.Ra1 Rg4 68.Kc5 Kb2 69.Re1 Rg3
70.Kb4 a3 71.Re2+ Kc1 72.Kc4 g5 73.Kd4 g4 74.Ke4 Rc3 75.Kf4 Rc2 76.Re1+ Kb2
77.Re6 Rc4+ 78.Ke3 a2 79.Rb6+ Ka3 80.Ra6+ Ra4  0-1

[Event "9th Tabor Open 2013"]
[Site "Tabor CZE"]
[Date "2013.08.04"]
[Round "9.15"]
[White "Rous,D"]
[Black "Kozak,Mi"]
[Result "1/2-1/2"]
[WhiteElo "2041"]
[BlackElo "2169"]

1.Nf3 Nf6 2.d4 e6 3.c4 b6 4.g3 Ba6 5.b3 Bb4+ 6.Bd2 Be7 7.Bg2 c6 8.O-O d5
9.Ne5 Nfd7 10.Nxd7 Nxd7 11.Bc3 O-O 12.Nd2 f5 13.Qc2 Bd6 14.a4 Qe7 15.Qb2 Rac8
16.b4 Bxc4 17.Nxc4 dxc4 18.b5 c5 19.d5 Nf6 20.Rad1 Nxd5 21.Bxd5 exd5 22.Rxd5 Rcd8
23.Rfd1 Bc7 24.Qd2 h6 25.Be5 Rxd5  1/2-1/2

[Event "17th Godesberg Open"]
[Site "Bonn GER"]
[Date "2013.08.05"]
[Round "3.25"]
[White "Rieger,Isabelle"]
[Black "Begri,Felix"]
[Result "0-1"]
[WhiteElo "1704"]
[BlackElo "1927"]

1.d4 Nf6 2.c4 e6 3.Nf3 b6 4.g3 Ba6 5.Qc2 Bb7 6.Bg2 Be7 7.O-O d5 8.Ne5 O-O
9.Nd2 Nbd7 10.Nd3 Rc8 11.b3 c5 12.Bb2 Qc7 13.dxc5 dxc4 14.Nxc4 Bxg2 15.Kxg2 Nxc5
16.Be5 Qb7+ 17.Kg1 Rfd8 18.Nxc5 Rxc5 19.Qb2 Rcd5 20.Bc3 Rh5 21.Ne3 Qe4 22.Rad1 Rxd1
23.Rxd1 e5 24.Qd2 h6 25.f3 Qg6 26.Nd5 Bc5+ 27.Kg2 Ne4 28.Qc2 Rxh2+  0-1

[Event "XX Feria de las Flores 2013"]
[Site "Medellin COL"]
[Date "2013.08.05"]
[Round "5.10"]
[White "Benitez Rodriguez,C"]
[Black "Sanchez L,S"]
[Result "0-1"]
[WhiteElo "2159"]
[BlackElo "2318"]

1.d4 Nf6 2.c4 e6 3.Nf3 b6 4.g3 Ba6 5.Qc2 Bb7 6.Bg2 c5 7.d5 exd5 8.cxd5 Nxd5
9.O-O Be7 10.a3 O-O 11.Rd1 Qc8 12.e4 Nc7 13.Nc3 Nc6 14.Be3 d6 15.Rac1 Ne5
16.Bf4 f6 17.Nh4 g6 18.Bf1 Kh8 19.b4 Ne6 20.Bh3 f5 21.Bxe5+ dxe5 22.exf5 Nd4
23.Rxd4 cxd4 24.Nxg6+ hxg6 25.Qd2 g5 26.Nb5 Qe8 27.Rc7 Bf3 28.f6 Bxf6 29.Qc2 d3
30.Qxd3 e4 31.Qd5 Rd8 32.Nd6 Rxd6 33.Qxd6 e3 34.Be6 e2 35.Rc1 Qe7  0-1

[Event "22nd Kavala Open 2013"]
[Site "Kavala GRE"]
[Date "2013.08.06"]
[Round "1.5"]
[White "Vidit,S"]
[Black "Theodorou,Nikolas"]
[Result "1-0"]
[WhiteElo "2563"]
[BlackElo "2124"]

1.d4 Nf6 2.Nf3 e6 3.c4 b6 4.g3 Ba6 5.Nbd2 c5 6.Bg2 Nc6 7.Ne5 Nxd4 8.Bxa8 Qxa8
9.O-O d6 10.Nef3 Nxf3+ 11.exf3 Bb7 12.b3 Be7 13.Bb2 O-O 14.Qe2 d5 15.cxd5 Nxd5
16.Rad1 Rd8 17.f4 Nb4 18.f5 Nd3 19.Bc3 e5 20.f3 Qc8 21.Nc4 Qxf5 22.Nxe5 Bf6
23.Rxd3 Rxd3 24.Nxd3  1-0

[Event "22nd Kavala Open 2013"]
[Site "Kavala GRE"]
[Date "2013.08.06"]
[Round "1.14"]
[White "Minas,I"]
[Black "Bulmaga,I"]
[Result "0-1"]
[WhiteElo "2052"]
[BlackElo "2410"]

1.d4 Nf6 2.c4 e6 3.Nf3 b6 4.g3 Ba6 5.Nbd2 d5 6.Bg2 Be7 7.O-O O-O 8.b3 Bb7
9.Bb2 c5 10.Rc1 Nbd7 11.cxd5 exd5 12.Ne5 Rc8 13.Bh3 Rc7 14.Ndf3 Nxe5 15.Nxe5 c4
16.Bg2 b5 17.a4 a6 18.axb5 axb5 19.Qd2 b4 20.bxc4 dxc4 21.Bxb7 c3 22.Qd3 Rxb7
23.Ba1 Qd5 24.Rb1 Ra7 25.f3 Rd8 26.Rfd1 Rc8 27.e4 Qa2 28.Rdc1 c2  0-1

[Event "XX Feria de las Flores 2013"]
[Site "Medellin COL"]
[Date "2013.08.06"]
[Round "6.9"]
[White "Vargas,Arte"]
[Black "Valderrama Quiceno,Esteban Alb"]
[Result "1-0"]
[WhiteElo "2231"]
[BlackElo "2166"]

1.d4 Nf6 2.Nf3 e6 3.c4 b6 4.g3 Ba6 5.b3 Bb4+ 6.Bd2 Be7 7.Bg2 Bb7 8.O-O O-O
9.Nc3 Ne4 10.Be1 Nxc3 11.Bxc3 Be4 12.Re1 Bf6 13.Rc1 d5 14.Bf1 Nd7 15.Nd2 Bg6
16.cxd5 exd5 17.Bg2 Rc8 18.Bxd5 Nc5 19.dxc5 Bxc3 20.Rxc3 Qxd5 21.Nf3 Qh5
22.Qd4 Rfe8 23.Qa4 a5 24.cxb6 cxb6 25.Qd7 Rcd8 26.Re3 Rf8 27.Qc6 Rb8 28.Ne5 Bf5
29.Qc7 Rfc8 30.Qa7 Be6 31.Nc6 Ra8 32.Qxb6 Kh8 33.Rd1 Bh3 34.Red3 h6 35.Rd8+ Kh7
36.Qe3 f5 37.Qe7 Qg6 38.R8d6 Qe8 39.Qxe8 Rxe8 40.R1d2 Ra6 41.f3 g5 42.Rd7+ Kg6
43.R2d6+ Kh5 44.Rh7  1-0

[Event "XX Feria de las Flores 2013"]
[Site "Medellin COL"]
[Date "2013.08.07"]
[Round "8.2"]
[White "Vargas,Arte"]
[Black "Gonzalez Vidal,Y"]
[Result "0-1"]
[WhiteElo "2231"]
[BlackElo "2520"]

1.d4 Nf6 2.Nf3 e6 3.c4 b6 4.g3 Ba6 5.b3 Bb4+ 6.Bd2 Be7 7.Bg2 c6 8.O-O d5
9.Bc3 Nbd7 10.Nbd2 Bb7 11.Qc2 c5 12.Rfd1 O-O 13.Rac1 Rc8 14.Qb1 Rc7 15.cxd5 Nxd5
16.Bb2 Qa8 17.dxc5 Rxc5 18.Ne4 Rxc1 19.Qxc1 Rc8 20.Qa1 Bf8 21.Nc3 Nxc3 22.Bxc3 Nc5
23.Rc1 h6 24.Bb2 Rd8 25.Ba3 a5 26.Rd1 Nxb3 27.axb3 Rxd1+ 28.Qxd1 Bxa3 29.Ne1 Bxg2
30.Nxg2 Qe4 31.Ne3 Bc5 32.Nc4 a4 33.Nd2 Qd4 34.e3 Qd3  0-1

[Event "10th Malaysian Open"]
[Site "Kuala Lumpur MAS"]
[Date "2013.08.12"]
[Round "4.30"]
[White "Ng Tze Han"]
[Black "Barretto,Franz"]
[Result "0-1"]
[WhiteElo "2288"]
[BlackElo "2153"]

1.d4 Nf6 2.Nf3 e6 3.c4 b6 4.g3 Ba6 5.b3 b5 6.cxb5 Bxb5 7.Bg2 d5 8.O-O Bd6
9.Nc3 Ba6 10.Bf4 Nbd7 11.Qc2 O-O 12.Rfd1 Qe7 13.Na4 Bb5 14.Nc3 Ba6 15.Ne5 Bxe5
16.dxe5 Nh5 17.Bxd5 exd5 18.Nxd5 Qc5 19.Qf5 Nxf4 20.gxf4 Bxe2 21.b4 Qc4 22.Ne7+ Kh8
23.Rxd7 Qxb4 24.Rb1 Qa3 25.Qc2 Qf3 26.Qf5 Rab8 27.Rc1 Rb2 28.Ng6+ hxg6 29.Qg5 Bd3
30.Qh4+ Kg8 31.Qg3 Qxg3+ 32.hxg3 Rb1 33.Rxb1 Bxb1 34.Rxc7 Bxa2 35.Rxa7 Be6
36.f3 Rb8 37.Ra3 Rb3 38.Rxb3 Bxb3 39.Kf2 Bd5 40.g4 Kf8 41.Ke3 Ke7 42.f5 gxf5
43.gxf5 Bb7 44.Kf4 Bc8 45.Kg5 Bb7 46.f4 Be4 47.Kg4 Bd3 48.Kg5 Bc2 49.e6 f6+
50.Kg6 Bd3 51.Kxg7 Bxf5  0-1

[Event "Stare Mesto Open 2013"]
[Site "Stare Mesto CZE"]
[Date "2013.08.12"]
[Round "5.6"]
[White "Cerveny,M"]
[Black "Dobes,V"]
[Result "1-0"]
[WhiteElo "2327"]
[BlackElo "2105"]

1.d4 Nf6 2.Nf3 e6 3.c4 b6 4.g3 Ba6 5.Qa4 Be7 6.Bg2 c6 7.Nc3 O-O 8.O-O d5
9.Ne5 b5 10.cxb5 cxb5 11.Qd1 b4 12.Na4 Nfd7 13.Nd3 Nc6 14.e3 Rc8 15.Re1 Qa5
16.b3 Bb5 17.Bf1 Rb8 18.a3 bxa3 19.Bxa3 Bxa3 20.Rxa3 Bxd3 21.Bxd3 Qb4 22.Qa1 Na5
23.Rb1 Rfc8 24.Qa2 Rc7 25.h4 h5 26.Kg2 g6 27.Rd1 Kg7 28.Bf1 Rcb7 29.Rc1 Rd8
30.Nc5 Nxc5 31.Rxc5 Nxb3 32.Rc2 Nxd4 33.exd4 Qxd4 34.Ra4 Qb6 35.Qa1+ d4 36.Bd3 Rdd7
37.Qe1 Qb3 38.Qe5+ Kh7 39.Rc8 Qd5+ 40.Qxd5 exd5 41.Rxd4 Kg7 42.Rc5 Kf6 43.Rcxd5 Rxd5
44.Rxd5  1-0

[Event "14th Miquel Mas Open"]
[Site "Figueres ESP"]
[Date "2013.08.13"]
[Round "3.6"]
[White "Aymerich Verdaguer,Eduard"]
[Black "Szabo,Ben"]
[Result "0-1"]
[WhiteElo "1953"]
[BlackElo "2392"]

1.d4 Nf6 2.c4 e6 3.Nf3 b6 4.g3 Ba6 5.Qc2 Bb7 6.Bg2 c5 7.d5 exd5 8.Nh4 Nc6
9.cxd5 Nb4 10.Qd1 Bxd5 11.Bxd5 Nbxd5 12.e4 Nc7 13.e5 Nfd5 14.Nf5 Nb4 15.Nc3 d5
16.exd6 Ne6 17.Ne4 Qd7 18.a3 Nc6 19.Qf3 O-O-O 20.Bf4 Nxf4 21.Qxf4 g6 22.Ne3 f5
23.Nf6 Qe6 24.d7+ Kb7 25.Nd5 Rxd7 26.O-O Rxd5 27.Nxd5 Qxd5 28.Rad1 Nd4 29.f3 Ne2+  0-1

[Event "Brasschaat Open 2013"]
[Site "Brasschaat BEL"]
[Date "2013.08.18"]
[Round "2.1"]
[White "Zhao Xue"]
[Black "Wirfs,J"]
[Result "1-0"]
[WhiteElo "2562"]
[BlackElo "1949"]

1.c4 Nf6 2.d4 e6 3.Nf3 b6 4.g3 Ba6 5.Qa4 Bb7 6.Bg2 Be7 7.O-O O-O 8.Rd1 d5
9.cxd5 Bxd5 10.Nc3 Bb7 11.Qc2 Na6 12.e4 Nb4 13.Qb1 Qc8 14.a3 Na6 15.Bf4 Rd8
16.Ne5 c5 17.d5 exd5 18.exd5 Nh5 19.Be3 Bd6 20.Nc6 Re8 21.Ne4 Bf8 22.Qd3 Qd7
23.Bf3 Bxc6 24.dxc6 Qxd3 25.Rxd3 Nf6 26.Nxf6+ gxf6 27.Rd7 Re7 28.Rad1 Nc7
29.Rxe7 Bxe7 30.Rd7 Bd8 31.Bh5 Rc8 32.Bh6 f5 33.Rxf7 Ne6 34.Rxf5 Ng7 35.Bf7+ Kh8
36.Rd5 Bf6 37.Rd6 Be5 38.Rd2 Bd4 39.Bd5 Nf5 40.Bf4 Re8 41.c7 h5 42.Bb7 Re1+
43.Kg2 Ne7 44.Bd6  1-0

[Event "Caissa GM Aug 2013"]
[Site "Kecskemet HUN"]
[Date "2013.08.18"]
[Round "2.3"]
[White "Ilincic,Z"]
[Black "Sax,G"]
[Result "1/2-1/2"]
[WhiteElo "2426"]
[BlackElo "2478"]

1.d4 Nf6 2.c4 e6 3.Nf3 b6 4.g3 Ba6 5.b3 Bb4+ 6.Bd2 Be7 7.Bg2 c6 8.Bc3 d5
9.Ne5 Nfd7 10.Nxd7 Nxd7 11.Nd2 O-O 12.O-O b5 13.Re1 Rc8 14.e4 bxc4 15.bxc4 dxc4  1/2-1/2

[Event "3rd Isthmia Open"]
[Site "Vrachati GRE"]
[Date "2013.08.23"]
[Round "7.20"]
[White "Stamos,F"]
[Black "Nikolaidis,K"]
[Result "1-0"]
[WhiteElo "2048"]
[BlackElo "2218"]

1.d4 Nf6 2.Nf3 e6 3.c4 b6 4.g3 Ba6 5.Qa4 Bb7 6.Bg2 c5 7.dxc5 bxc5 8.O-O Be7
9.Nc3 O-O 10.Rd1 Qb6 11.Bf4 d6 12.Rab1 Rd8 13.b4 Ne4 14.Nxe4 Bxe4 15.bxc5 Qxc5
16.Rb5 Qc8 17.c5 d5 18.Bxb8 Rxb8 19.Rxb8 Qxb8 20.Nd4 Qc7 21.Nc6 Rc8 22.Nxe7+ Qxe7
23.Bxe4 dxe4 24.c6 g6 25.Qxe4 Qc5 26.Rd7 Qc1+ 27.Kg2 Qxc6 28.Qxc6 Rxc6 29.Rxa7 Rc2
30.Kf3 h5 31.h4 Kg7 32.Ke3 Kf6 33.Kd3 Rb2 34.a4 Ra2 35.a5 Kg7 36.a6 Kf6 37.Ke3 Kg7
38.Kf3 Kf6 39.Ra8 Kg7 40.Ke3 Kf6 41.Kd3 Kg7 42.Ra7 Kf6 43.f3 Kg7 44.Kc4 Rxe2
45.Rb7 Ra2 46.a7 Kf6 47.Kb5  1-0

[Event "3rd Isthmia Open"]
[Site "Vrachati GRE"]
[Date "2013.08.24"]
[Round "8.2"]
[White "Vidit,S"]
[Black "Banikas,H"]
[Result "0-1"]
[WhiteElo "2563"]
[BlackElo "2618"]

1.d4 Nf6 2.Nf3 e6 3.c4 b6 4.g3 Ba6 5.Qa4 Bb7 6.Bg2 c5 7.dxc5 bxc5 8.O-O Be7
9.Nc3 O-O 10.Rd1 Qb6 11.Bf4 Rd8 12.Rd2 h6 13.Rad1 d6 14.Qb5 Ne8 15.g4 Nd7
16.h4 Ndf6 17.Qxb6 axb6 18.g5 hxg5 19.hxg5 Ne4 20.Nxe4 Bxe4 21.b3 Ra3 22.Rb2 Rda8
23.Rdd2 f5 24.Nh4 Bxg2 25.Kxg2 Kf7 26.g6+ Kf8 27.Kh3 Bf6 28.Rbc2 Ke7 29.f3 e5
30.Bg3 f4 31.Bf2 Bxh4 32.Bxh4+ Kd7 33.Bg5 Nc7 34.e3 fxe3 35.Bxe3 Ne6 36.Kg4 Rf8
37.Rd5 Rf6 38.Rcd2 Nd4 39.f4 Rxg6+ 40.Kh5 Rg3 41.Bxd4 exd4 42.Rg5 Rxg5+ 43.Kxg5 d5
44.Kf5 dxc4 45.bxc4 Rg3 46.a4 Kc6 47.Re2 Re3 48.Rg2 Re7 49.Rg6+ Kb7 50.Rd6 Kc7
51.Rg6 d3 52.Rg2 Rd7 53.Rd2 Rd4  0-1

[Event "74th ch-ARM 1st League"]
[Site "Yerevan ARM"]
[Date "2013.08.24"]
[Round "4.2"]
[White "Chibukhchian,A"]
[Black "Kalashian,D"]
[Result "1-0"]
[WhiteElo "2454"]
[BlackElo "2409"]

1.d4 Nf6 2.c4 e6 3.Nf3 b6 4.g3 Ba6 5.Qc2 Bb4+ 6.Bd2 Be7 7.e4 d5 8.cxd5 Bxf1
9.Kxf1 exd5 10.e5 Ne4 11.Nc3 Nxd2+ 12.Qxd2 Qd7 13.Kg2 Nc6 14.Qd3 Nd8 15.Ne1 Ne6
16.f4 c5 17.Nc2 cxd4 18.Nxd4 Bc5 19.Nf3 d4 20.Ne2 Rd8 21.f5 Nc7 22.Nf4 O-O
23.Rhe1 Nd5 24.Nxd5 Qxd5 25.Re4 Rfe8 26.a3 Rc8 27.b4 Bf8 28.Rxd4 Qc6 29.Re1 a5
30.Re2 Rc7 31.bxa5 bxa5 32.a4 Rb7 33.Rc4 Qa6 34.Qd5 Rd8 35.Qe4 Rb4 36.Rec2 Rc8
37.Rxb4 axb4 38.Rxc8 Qxc8 39.Qd3 Qb7 40.a5 b3 41.a6 Qb6 42.a7 Qb7 43.e6 fxe6
44.fxe6 b2 45.e7 Bxe7 46.Qc4+ Kh8 47.Qb5 Qc8 48.Qb8  1-0

[Event "XXX Collado Villalba Open 2013"]
[Site "Collado Villalba ESP"]
[Date "2013.08.25"]
[Round "3.17"]
[White "Martin Carmona,Gaston Manuel"]
[Black "Gonzalez Mateos,R"]
[Result "1-0"]
[WhiteElo "1942"]
[BlackElo "2006"]

1.d4 Nf6 2.c4 e6 3.Nf3 b6 4.g3 Ba6 5.b3 Bb4+ 6.Bd2 Be7 7.Bg2 c6 8.O-O d5
9.Qc2 Nbd7 10.a4 O-O 11.Rc1 c5 12.e3 Rc8 13.Bf1 Bb7 14.Be2 Nb8 15.Qb2 Ne4
16.Na3 Nxd2 17.Qxd2 cxd4 18.exd4 dxc4 19.bxc4 Bxf3 20.Bxf3 Bg5 21.Qd1 Bxc1
22.Rxc1 Qe7 23.Qd3 Nc6 24.Nc2 Rfd8 25.Bxc6 Rxc6 26.d5 exd5 27.cxd5 Rc5 28.Re1 Rcxd5
29.Qf3 Qd7 30.Ne3 Rd3 31.Qf4 Qd4 32.Qg5 h6 33.Qb5 Rd2 34.Rf1 g6 35.h4 h5
36.Qc6 Rd3 37.Re1 Qd7 38.Qf6 Rd6 39.Qf4 Re8 40.Qg5 Qxa4 41.Rf1 Qa5 42.Qf4 Qe5
43.Qa4 Re7 44.Qc2 Rd8 45.Qa4 Qc7 46.Re1 a5 47.g4 hxg4 48.Qxg4 Qc5 49.Kg2 Qh5
50.Qf4 Rde8 51.Ng4 Qxh4 52.Rh1 g5 53.Qf5  1-0

[Event "Caissa GM Aug 2013"]
[Site "Kecskemet HUN"]
[Date "2013.08.25"]
[Round "13.2"]
[White "Jia,H"]
[Black "Sax,G"]
[Result "1-0"]
[WhiteElo "2363"]
[BlackElo "2478"]

1.d4 Nf6 2.c4 e6 3.Nf3 b6 4.g3 Ba6 5.Qc2 c6 6.Bg2 d5 7.Nbd2 Nbd7 8.O-O Be7
9.b3 O-O 10.e4 Rc8 11.Rd1 Bb7 12.Bb2 Qc7 13.Rac1 Nxe4 14.Nxe4 dxe4 15.Qxe4 c5
16.Qe2 cxd4 17.Nxd4 Bxg2 18.Kxg2 a6 19.Kg1 Bf6 20.Rc2 Qb7 21.Qf3 Qc7 22.Rcd2 Ne5
23.Qe4 Nc6 24.Nxc6 Qxc6 25.Qxc6 Rxc6 26.Bxf6 gxf6 27.Rd7 f5 28.Ra7 a5 29.Rdd7 Kg7
30.Rab7 Kf6 31.f4 a4 32.Kf2 axb3 33.axb3 h6 34.Ke3 e5 35.fxe5+ Kxe5 36.Rd5+ Kf6
37.Kf4 Kg6 38.Rxf5 Rd8 39.Rfxf7 Rd3 40.Rg7+ Kh5 41.Rbf7 Rd4+ 42.Ke3 Rg4 43.Rf5+ Rg5
44.Rgxg5+  1-0

[Event "3rd Isthmia Open"]
[Site "Vrachati GRE"]
[Date "2013.08.25"]
[Round "9.15"]
[White "Vragoteris,A"]
[Black "Papadopoulos,Geo3"]
[Result "1/2-1/2"]
[WhiteElo "2261"]
[BlackElo "2005"]

1.d4 Nf6 2.c4 e6 3.Nf3 b6 4.g3 Ba6 5.Qb3 Nc6 6.Nbd2 Na5 7.Qc3 c5 8.dxc5 bxc5
9.e4 d6 10.a3 Bb7 11.b4 Nc6 12.Bg2 Be7 13.O-O Nd7 14.Rb1 O-O 15.Rd1 Bf6 16.Qe3 Qc7
17.Bb2 Bxb2 18.Rxb2 cxb4 19.axb4 a5 20.b5 Nb4 21.Bf1 Qc5 22.Nd4 Nf6 23.N2b3 Qb6
24.f3 Nd7 25.Rdb1 Ne5 26.Be2 Rfc8 27.Nd2 h6 28.h3 Nd7 29.N2b3 Ne5 30.Nd2 Nd7
31.N2b3 Ne5 32.Nd2 Nd7  1/2-1/2

[Event "TCh-SRB 1st League 2013"]
[Site "Kragujevac SRB"]
[Date "2013.08.26"]
[Round "3.2"]
[White "Lajthajm,B"]
[Black "Bogosavljevic,B"]
[Result "1-0"]
[WhiteElo "2494"]
[BlackElo "2552"]

1.d4 Nf6 2.c4 e6 3.Nf3 b6 4.g3 Ba6 5.Nbd2 Bb4 6.Qb3 c5 7.Bg2 Nc6 8.dxc5 bxc5
9.a3 Bxd2+ 10.Bxd2 O-O 11.O-O Qb6 12.Qc2 d5 13.cxd5 exd5 14.Rfc1 Ne4 15.e3 Rac8
16.Be1 Rfe8 17.Bh3 Rcd8 18.b4 c4 19.Rd1 Bb7 20.Qb2 Na5 21.Nd4 c3 22.Qa2 Nc4
23.Rac1 Nb2 24.Qb3 Nxd1 25.Rxd1 Qf6 26.Rc1 h5 27.b5 h4 28.Qa2 Ng5 29.Bf1 h3
30.Bxc3 Rc8 31.Qb2 Re4 32.f4 Rxe3 33.fxg5 Qe5 34.Nc6 Qe4 35.Bd4 Bxc6 36.bxc6 Rb3
37.Qd2 Rc7 38.Qf4 Qe7 39.Qe5 Qxe5 40.Bxe5  1-0

[Event "ch-ESP Rapid 2013"]
[Site "Linares ESP"]
[Date "2013.08.26"]
[Round "3.7"]
[White "Matnadze,A"]
[Black "Ljubojevic,L"]
[Result "1/2-1/2"]
[WhiteElo "2390"]
[BlackElo "2571"]

1.d4 Nf6 2.Nf3 e6 3.c4 b6 4.g3 Ba6 5.Nbd2 c6 6.Bg2 d5 7.Qc2 Nbd7 8.O-O Rc8
9.Ne5 Nxe5 10.dxe5 Nd7 11.f4 Bc5+ 12.Kh1 Be3 13.Ne4 Bc5 14.Nxc5 Nxc5 15.b4 Nd7
16.c5 bxc5 17.bxc5 Qa5 18.Be3 O-O 19.Rfc1 Bc4 20.Be4 f5 21.exf6 Nxf6 22.Bf3 Nd7
23.Qc3 Qxc3 24.Rxc3 Rb8 25.Ra3 a6 26.Bd4 Rb4 27.Rd1 Rfb8 28.Kg2 Rb1 29.Rd2 Rc1
30.Re3 Kf7 31.Bg4 Re8 32.Rb2 Bb5 33.a4 Bxa4 34.Rb7 Re7 35.Bxe6+ Rxe6 36.Rxd7+ Ke8
37.Rxg7 Rxe3 38.Bxe3 Rc2 39.Kf3 Bb5 40.f5 Bxe2+ 41.Kf4 Rc4+ 42.Kg5 d4 43.Bd2 Rxc5
44.Kf6 Bd3 45.g4 h5 46.h3 hxg4 47.hxg4 Bc2 48.Ke6 Bb3+ 49.Kd6 Rc2 50.Re7+ Kf8
51.Bh6+ Kg8 52.g5 Rh2 53.Re8+ Kh7 54.Re7+ Kg8 55.Re8+ Kh7 56.Re7+ Kg8  1/2-1/2

[Event "21st Honor to National Resistance"]
[Site "Nikaia GRE"]
[Date "2013.08.27"]
[Round "2.20"]
[White "Thomassin,A"]
[Black "Kesoglou,K"]
[Result "0-1"]
[WhiteElo "1808"]
[BlackElo "2114"]

1.d4 Nf6 2.c4 e6 3.Nf3 b6 4.g3 Ba6 5.b3 Bb4+ 6.Bd2 Be7 7.Bg2 Bb7 8.O-O O-O
9.Bc3 d6 10.Nbd2 c5 11.Qc2 d5 12.Ne5 Nc6 13.Ndf3 dxc4 14.Nxc6 Bxc6 15.bxc4 Be4
16.Qb3 Rc8 17.Rad1 Qc7 18.Rc1 Rfd8 19.e3 Bd3 20.Rfd1 Be2 21.Rd2 cxd4 22.Rxe2 dxc3
23.Rxc3 Ne4 24.Rc1 Nc5 25.Qb1 Nd3 26.Rc3 Nc5 27.Nd4 Bf6 28.Nb5 Qd7 29.Ra3 a6
30.Nc3 Bxc3 31.Rxc3 Qd1+ 32.Re1 Qd2 33.Rc2 Qa5 34.Rd1 Rf8 35.Rcd2 g6 36.Bf1 Na4
37.Qa1 Nc3 38.Rc1 Ne4 39.Rd4 Qf5 40.Qb2 Qf6 41.Bg2 Nd6 42.Qxb6 Nb5 43.Rf4 Qb2
44.Rf1 Rb8 45.Qxa6 Nc3 46.Bf3 Nxa2 47.h4 Nb4 48.Qa7 Nd3 49.Rd4 Qc3 50.h5 Ne5
51.Bg2 Nxc4 52.hxg6 hxg6 53.Qc5 Rb4 54.Rfd1 Rfb8 55.Bf1 Qc2 56.Bxc4 Rb1 57.Rxb1 Rxb1+
58.Kg2 Qc1 59.Rd8+ Kh7 60.Kf3 Qh1+ 61.Kf4 Qh6+ 62.Qg5 e5+ 63.Ke4 Qxg5  0-1

[Event "Petersburg Summer Blitz 2013"]
[Site "St Petersburg RUS"]
[Date "2013.08.28"]
[Round "10.10"]
[White "Levin,Ev"]
[Black "Aleshin,O"]
[Result "1-0"]
[WhiteElo "2505"]
[BlackElo "2385"]

1.d4 Nf6 2.Nf3 e6 3.c4 b6 4.g3 Ba6 5.Qc2 Bb7 6.Bg2 Bb4+ 7.Bd2 a5 8.O-O O-O
9.Bg5 Be7 10.Nc3 h6 11.Bxf6 Bxf6 12.Rad1 d6 13.Ng5 Bxg5 14.Bxb7 Ra7 15.Bg2 c6
16.e4 Be7 17.d5 cxd5 18.cxd5 e5 19.Nb5 Ra8 20.Bh3 Na6 21.a3 Nc5 22.b4 Na6
23.Rb1 g6 24.Rb3 Kg7 25.Rfb1 h5 26.Rc3 h4 27.Kg2 hxg3 28.hxg3 Rh8 29.Rc6 Rh7
30.Rc8 Rxc8 31.Qxc8 Qxc8 32.Bxc8 Nb8 33.bxa5 bxa5 34.Na7 Rh8 35.Rxb8 Bg5
36.Rb7 Bc1 37.a4 Ba3 38.Be6 Kf6 39.Rxf7+ Kg5 40.Nc6 Bc5 41.Nxa5 Ra8 42.Nb7 Bb4
43.a5 Bxa5 44.Nxd6 Bb6 45.Nc4 Bd4 46.d6 Rd8 47.d7 Bc5 48.Nxe5 Bd6 49.Nc6  1-0

[Event "TCh-SRB 1st League 2013"]
[Site "Kragujevac SRB"]
[Date "2013.08.30"]
[Round "7.5"]
[White "Lajthajm,B"]
[Black "Rajkovic,Du"]
[Result "1-0"]
[WhiteElo "2494"]
[BlackElo "2394"]

1.c4 Nf6 2.d4 e6 3.Nf3 b6 4.g3 Ba6 5.Nbd2 Bb4 6.Qb3 Bxd2+ 7.Bxd2 O-O 8.Bg2 Bb7
9.O-O d6 10.Rad1 Nbd7 11.Bc3 Be4 12.d5 Nc5 13.Qa3 a5 14.Nd4 exd5 15.f3 Bg6
16.Nc6 Qd7 17.Bxf6 Qxc6 18.cxd5 Qb5 19.Bd4 Qxe2 20.Rfe1 Qc2 21.Bf1 Rfe8 22.Rc1 Qd2
23.Rcd1 Qxe1 24.Rxe1 Rxe1 25.Qc3 Rae8 26.Kf2 Rd1 27.Bb5 Nd3+ 28.Kg2 Re2+
29.Kh3 Rc1 30.Qb3 Nf2+ 31.Kh4 Rec2 32.Be3 Rh1 33.g4 Rxh2+ 34.Kg3 Nh1+ 35.Kf4 h6
36.Bd4 Rc1 37.Qe3 Rd1 38.Bc3 Bc2 39.Qe8+ Kh7 40.Qxf7  1-0

[Event "TCh-SRB 1st League 2013"]
[Site "Kragujevac SRB"]
[Date "2013.08.30"]
[Round "7.2"]
[White "Laketic,G"]
[Black "Kovacevic,A"]
[Result "1/2-1/2"]
[WhiteElo "2419"]
[BlackElo "2564"]

1.d4 Nf6 2.Nf3 e6 3.c4 b6 4.g3 Ba6 5.b3 Bb4+ 6.Bd2 Be7 7.Bg2 d5 8.cxd5 exd5
9.O-O O-O 10.Nc3 Re8 11.Qc2 c5 12.Rfd1 Nc6 13.Bg5 h6 14.Bxf6 Bxf6 15.e3 cxd4
16.Nxd4 Nxd4 17.exd4 Rc8 18.Qd2 Bb7 19.h4 a6 20.Re1 Qd6 21.Rxe8+ Rxe8 22.Rd1  1/2-1/2

[Event "Petersburg Summer Rapid 2013"]
[Site "St Petersburg RUS"]
[Date "2013.08.31"]
[Round "2.9"]
[White "Chadaev,N"]
[Black "Pavlov,Aleks"]
[Result "1-0"]
[WhiteElo "2591"]
[BlackElo "2299"]

1.d4 Nf6 2.Nf3 e6 3.c4 b6 4.g3 Ba6 5.Qa4 Bb7 6.Bg2 c5 7.dxc5 Bxc5 8.O-O O-O
9.Nc3 Qc8 10.Bf4 Na6 11.Rac1 Rd8 12.a3 Bf8 13.b4 d6 14.Rfd1 h6 15.Nb5 e5
16.Be3 Bc6 17.Qb3 Ng4 18.Bd2 Nc7 19.h3 Nf6 20.Be3 Ne6 21.Nc3 Bb7 22.a4 Qb8
23.Nd5 Nxd5 24.cxd5 Nc7 25.Nd2 Ne8 26.b5 Nf6 27.Ne4 Nd7 28.Bd2 f5 29.Nc3 Nc5
30.Qb1 Bc8 31.e4 g6 32.Be3 Bg7 33.Qb4 Rf8 34.exf5 gxf5 35.Qh4 Kh7 36.Qe7 Bd7
37.Bxc5 bxc5 38.Qxd7 e4 39.Ne2 Kg8 40.Nf4 Rf7 41.Qc6 Be5 42.Ne6 Kh7 43.a5 Qg8
44.Kh1 Rc8 45.Qa6 c4 46.b6 axb6 47.Rxc4 Rxc4 48.Qxc4 bxa5 49.Qb3 Qa8 50.Qa4 Rb7
51.g4 e3 52.fxe3 Qg8 53.Qc2 Rf7 54.Rf1 Kh8 55.Rxf5 Rxf5 56.Qxf5 Qc8 57.Qf8+ Qxf8
58.Nxf8  1-0

[Event "21st Honor to National Resistance"]
[Site "Nikaia GRE"]
[Date "2013.09.01"]
[Round "8.9"]
[White "Tsiros,F"]
[Black "Kesoglou,K"]
[Result "1-0"]
[WhiteElo "1969"]
[BlackElo "2114"]

1.d4 Nf6 2.c4 e6 3.Nf3 b6 4.g3 Ba6 5.b3 Bb4+ 6.Bd2 Be7 7.Bg2 Bb7 8.O-O O-O
9.Nc3 d6 10.d5 exd5 11.Nd4 c5 12.Nf5 Ne4 13.cxd5 Nxd2 14.Nxe7+ Qxe7 15.Qxd2 Nd7
16.f4 a6 17.e4 Rab8 18.a4 Rfe8 19.Rfe1 f6 20.Bf1 Kh8 21.Bd3 g6 22.Re2 Qg7
23.Rae1 Re7 24.Nd1 Bc8 25.Nc3 g5 26.Rg2 Nf8 27.Kh1 Bb7 28.Nd1 Bc8 29.Qe2 Ra8
30.Ne3 b5 31.Qf3 Rb8 32.axb5 axb5 33.Ra2 Ng6 34.Rea1 Re8 35.Ra7 Ne7 36.e5 fxe5
37.Qh5 Rf8 38.Qxg5 Qxg5 39.fxg5 Bb7 40.Be4 Ra8 41.Rxa8 Rxa8 42.Rf1 Kg7 43.Rf6 Rd8
44.h4 c4 45.bxc4 bxc4 46.Rh6 c3 47.Rxh7+ Kf8 48.g6 Rc8 49.g7+ Kf7 50.g8=Q+ Kxg8
51.Rxe7 Ba6 52.Ra7 Bc4 53.Ra3 Be2 54.Ra2 Bc4 55.Rc2 Bb3 56.Rc1 Rc5 57.Kg2 Ba4
58.Kf3 Bb3 59.g4 Rc7 60.h5 c2 61.g5 Rf7+ 62.Nf5 Kf8 63.g6 Rf6 64.g7+ Kg8
65.Kg4 Kf7 66.Kg5  1-0